Torschützenliste der La Liga 2012-2013 - Statistiken

Allgemein
  • Dieses Quiz wurde 27 mal gespielt
  • Das Durchschnittsergebnis liegt bei 5 aus 11
Antwortstatistiken
Tore Nationalität Verein Spieler % Korrekt
34 Portugal Real Madrid Cristiano Ronaldo
100%
46 Argentinien FC Barcelona Lionel Messi
100%
28 Kolombien Atlético Madrid Falcao
92%
16 Argentinien Real Madrid Gonzalo Higuaín
65%
24 Spanien FC Valencia Roberto Soldado
31%
14 Spanien Athletic Bilbao Aritz Aduriz
27%
25 Spanien FC Sevilla Álvaro Negredo
19%
14 Mexiko Real Sociedad Carlos Vela
15%
14 Portugal Real Saragossa Hélder Postiga
12%
18 Spanien Betis Sevilla Rubén Castro
4%
18 Spanien Rayo Vallecano Piti
0%
Keine übereinstimmenden Quizze gefunden
Verteilung der Resultate
Anzahl Personen mit jedem Resultat
Perzentil nach korrekt beantworteten Fragen
Ihre Resultats-Entwicklung
Sie haben dieses Quiz noch nicht gespielt